000 00815caa a22002417a 4500
999 _c410870
_d410870
001 123685
003 UA-OsUOA
005 20200117134929.0
007 ta
008 20170706b un ||||| |||| 00| 0 ukr d
040 _aUA-OsUOA
_bukr
_cUA-OsUOA
_dUA-OsUOA
041 _aukr
080 _a908
090 _a908
_bД40
100 _aДжаман Т. В.
245 _aСпецифіка навчальних закладів Волині
_cТ. В. Джаман
300 _aС. 116–118
650 7 _a908 Краєзнавство
_2UDC
773 0 _0321332
_9340998
_dОстрог Острозька академія 1999
_o87606
_tНаукові записки
_w(UA-OsUOA) 34905
_z966-7631-00-1
942 _cBKA
_2udc
955 _a1